Escenas de la vida posmoderna /

Guardado en:
Autor Principal: Sarlo, Beatríz
Formato: Libro
Publicado: Buenos Aires : Ariel, 1994
Edición:2a. ed.
Etiquetas: Agregar Etiqueta
Sin Etiquetas, Sea el primero en etiquetar este registro!
LEADER 00582nam a22001815a 4500
001 CEM.cems008530
005 20060214000000.0
008 130507s1994##################000#0#####d
003 CEMS
082 0 4 |a 309.82 
100 1 |a Sarlo, Beatríz 
245 1 0 |a Escenas de la vida posmoderna / 
250 |a 2a. ed. 
260 |a Buenos Aires :  |b Ariel,  |c 1994 
300 |a 211 p.1 
859 |a CEMS  |b BIB. CEMS - 11 de abril  |h 309.82  |i Sa73a2  |p 18010.94  |t Ej.1 
859 |a CEMS  |b BIB. CEMS - 11 de abril  |h 309.82  |i Sa73a2  |p 18622.95  |t Ej.2 
859 |a CEMS  |b BIB. CEMS - 11 de abril  |h 309.82  |i Sa73a2  |p 18623.95  |t Ej.3